Central Library OPAC University of Rajshahi

Sampling theory / (Record no. 8442)

MARC details
000 -LEADER
fixed length control field 00745cam a2200253 a 4500
001 - CONTROL NUMBER
control field 8442
003 - CONTROL NUMBER IDENTIFIER
rucl marc code BD-RjUL
005 - DATE AND TIME OF LATEST TRANSACTION
control field 20211208234605.0
008 - FIXED-LENGTH DATA ELEMENTS--GENERAL INFORMATION
fixed length control field 140118s1968 nyua 001 0 eng d
035 ## - SYSTEM CONTROL NUMBER
System control number (BD-RjUL) 8487
System control number (BD-RjUL)
040 ## - CATALOGING SOURCE
Original cataloging agency TS:FO
Language of cataloging eng
Modifying agency BD-RjUL
Transcribing agency BD-RjUL
041 ## - LANGUAGE CODE
Language code of text/sound track or separate title eng
082 04 - DEWEY DECIMAL CLASSIFICATION NUMBER
Classification number 519.52
Author mark and year RAS 1968
Edition number 23
100 1# - MAIN ENTRY--PERSONAL NAME
Personal name Raj, Des
9 (RLIN) 26283
245 10 - TITLE STATEMENT
Title Sampling theory /
Statement of responsibility, etc. Des Raj.
260 ## - PUBLICATION, DISTRIBUTION, ETC. (IMPRINT)
Place of publication, distribution, etc. New York :
Name of publisher, distributor, etc. McGraw-Hill,
Date of publication, distribution, etc. 1968
300 ## - PHYSICAL DESCRIPTION
Pagination [12] 302 p. :
Illustrations ill. ;
Size 23 cm.
504 ## - BIBLIOGRAPHY, ETC. NOTE
Bibliography, etc Includes index.
650 #0 - SUBJECT ADDED ENTRY--TOPICAL TERM
Topical term or geographic name as entry element Theory of sampling
9 (RLIN) 26285
830 ## - SERIES ADDED ENTRY--UNIFORM TITLE
Uniform title McGraw-Hill series in probability and statistics
942 ## - ADDED ENTRY ELEMENTS (KOHA)
Source of classification or shelving scheme Dewey Decimal Classification
Koha item type Books
Holdings
Lost status Source of classification or shelving scheme Damaged status Not for loan Collection code Permanent Location Current Location Shelving location Date acquired Source of acquisition Cost, normal purchase price Total Checkouts Full call number Date last seen Copy number Koha item type
  Dewey Decimal Classification   Not For Loan Non-fiction Central Library, University of Rajshahi Central Library, University of Rajshahi Reading Room 16/09/1969 uiriza book agency 57.50   519.52 RAS 1968 18/01/2014 C-1 Books
  Dewey Decimal Classification     Non-fiction Central Library, University of Rajshahi Central Library, University of Rajshahi   25/11/1974 Jonathon Wren & Co. 2.00   519.52 RAS 1968 05/09/2016 C-2 Books
  Dewey Decimal Classification     Non-fiction Central Library, University of Rajshahi Central Library, University of Rajshahi   25/11/1974 Jonathon Wren & Co. 2.00   519.52 RAS 1968 05/09/2016 C-3 Books
  Dewey Decimal Classification     Non-fiction Central Library, University of Rajshahi Central Library, University of Rajshahi   25/11/1974 Jonathon Wren & Co. 2.00   519.52 RAS 1968 05/09/2016 C-4 Books
  Dewey Decimal Classification     Non-fiction Central Library, University of Rajshahi Central Library, University of Rajshahi   25/11/1974 Jonathon Wren & Co. 2.00   519.52 RAS 1968 05/09/2016 C-5 Books
  Dewey Decimal Classification     Non-fiction Central Library, University of Rajshahi Central Library, University of Rajshahi   25/11/1974 Jonathon Wren & Co. 2.00   519.52 RAS 1968 05/09/2016 C-6 Books
  Dewey Decimal Classification     Non-fiction Central Library, University of Rajshahi Central Library, University of Rajshahi   16/09/1969 Lahore : Mirja Book Agency 2.00   519.52 RAS 1968 05/09/2016 C-7 Books
  Dewey Decimal Classification     Non-fiction Central Library, University of Rajshahi Central Library, University of Rajshahi   27/06/1974 Aligor library, Rajshahi 22.00   519.52 RAS 1968 29/10/2016 C-8 Books